| 000 | 00466nam a2200193Ia 4500 | ||
|---|---|---|---|
| 005 | 20230722113823.0 | ||
| 008 | 131103s9999 xx 000 0 und d | ||
| 020 |
_a553813307 _cRs. 250 |
||
| 040 | _aLoreto College | ||
| 041 | _aEnglish | ||
| 082 |
_aF _bCHI |
||
| 100 | _aChild, Lee | ||
| 245 |
_aEcho Burning _cLee Child |
||
| 260 |
_aLondon _bBantam Books _c2001 |
||
| 300 | _a571p, 17.5 cm. | ||
| 650 | _aFiction-Thriller | ||
| 850 | _aLCLIB | ||
| 942 | _cBK | ||
| 999 |
_c2217 _d52696 |
||